| 000 | 00935cam a22002055a 4500 | ||
|---|---|---|---|
| 001 | L150254 | ||
| 008 | 100616e20100612xxk 000 0 eng d | ||
| 035 | _a(Sirsi) u150254 | ||
| 041 | 0 | _aeng | |
| 100 | 1 | _aWilliams, Peter | |
| 245 | 0 | 0 | _aSuitable format required |
| 260 | _c2010 | ||
| 490 |
_aEstates Gazette _v(1023) 12 June 2010, 99-101(3) |
||
| 520 | _aReviews four possible drafting options for the Carbon Reduction Committment (CRD) to be included in standard lease clauses. These includes including CRD in service charge, running a separate CRC service charge, chargin a levy on service charges and leaving the lease silent on CRC costs. Pros and cons of each proposal. See also L150252 and L150255. | ||
| 590 | _aKA | ||
| 651 | 4 |
_aUnited Kingdom _y |
|
| 690 | _aENVIRONMENT AND LAND CONSULTANCY-ENERGY-ENERGY USE-ENERGY EFFICIENCY | ||
| 690 | _aPROPERTY-COMMERCIAL PROPERTY-COMMERCIAL LANDLORD AND TENANT | ||
| 942 | _n0 | ||
| 999 |
_c82435 _d82435 |
||